书目信息 |
| 题名: |
董必武诗稿
|
|
| 作者: | 董必武 著 | |
| 分册: | ||
| 出版信息: | 北京 人民文学出版社 1979 |
|
| 页数: | 273页 | |
| 开本: | 26cm | |
| 丛书名: | ||
| 单 册: | ||
| 中图分类: | I227 , I22 | |
| 科图分类: | ||
| 主题词: | 诗歌--中国--现代--选集 | |
| 电子资源: | ||
| ISBN: | ||
| 000 | 00606nam0 2200241 45 | |
| 001 | 1537650040 | |
| 005 | 20150125160125.25 | |
| 010 | @dCNY0.59 | |
| 091 | @aCN@b10068.787 | |
| 100 | @a19950719d1979 em y0chiy0121 ea | |
| 101 | 0 | @achi |
| 102 | @aCN@b110000 | |
| 105 | @ay z 000gy | |
| 200 | 10 | @a董必武诗稿@Adong bi wu shi gao@f董必武著 |
| 205 | @a影印本 | |
| 210 | @a北京@c人民文学出版社@d1979 | |
| 215 | @a273页@d26cm | |
| 606 | @a诗歌@y中国@z现代@x选集 | |
| 690 | @aI227@v3 | |
| 690 | @aI22@v4 | |
| 701 | 0 | @a董必武@Adong bi wu@4著 |
| 801 | 0 | @aCN@bTSSF@c20150125 |
| 905 | @aZUCC@dI22@eJY12 | |
| 董必武诗稿/董必武著.-影印本.-北京:人民文学出版社,1979 |
| 273页;26cm |
| ISBN :CNY0.59 |
| ● |
| 相关链接 |
|
|
|
|
正题名:董必武诗稿
索取号:I22/JY12
 
预约/预借
| 序号 | 登录号 | 条形码 | 馆藏地/架位号 | 状态 | 备注 |
| 1 | 7853841 | 278538414 | 学院路分馆/ [索取号:I22/JY12] | 在馆 | |
| 2 | 7853842 | 278538423 | 学院路分馆/ [索取号:I22/JY12] | 在馆 | |
| 3 | 7855250 | 278552503 | 学院路分馆/ [索取号:I22/JY12] | 在馆 |